[Event "Niedersachsen-ch Seniors op 11th"]
[Site "Bad Bevensen"]
[Date "2008.07.16"]
[Round "9"]
[White "Lange, Egmont"]
[Black "Stascheit, Eckhard"]
[Result "1-0"]
[WhiteElo "1853"]
[BlackElo "1704"]
[PlyCount "53"]
[EventDate "2008.07.08"]
[EventType "swiss"]
[EventRounds "9"]
[EventCountry "GER"]
[SourceTitle "EXT 2022"]
[Source "ChessBase"]
[SourceDate "2021.10.06"]
[SourceVersion "1"]
[SourceVersionDate "2021.10.06"]
[SourceQuality "1"]

1. d4 d5 2. Nf3 Nc6 3. Bg5 g6 4. e3 Bg7 5. Bd3 Nf6 6. 0-0 Ne4 7. Nbd2 Nxg5 8. Nxg5 Bf6 9. f4 a6 10. c3 h6 11. Ngf3 Qd6 12. Ne5 Bg7 13. e4 Be6 14. c4 Nd8 15. Qf3 dxe4 16. Nxe4 Qb6 17. Nc5 h5 18. h3 Rh6 19. Kh1 Bf5 20. Rae1 c6 21. Bxf5 gxf5 22. Qg3 Bf8 23. Ned7 Qc7 24. Qg8 Ne6 25. Rxe6 Qxd7 26. Nxd7 Kxd7 27. Rxh6 1-0

[Event "Niedersachsen-ch Seniors op 11th"]
[Site "Bad Bevensen"]
[Date "2008.07.09"]
[Round "2"]
[White "Stascheit, Eckhard"]
[Black "Prinz, Tade"]
[Result "1-0"]
[WhiteElo "1704"]
[BlackElo "1478"]
[PlyCount "59"]
[EventDate "2008.07.08"]
[EventType "swiss"]
[EventRounds "9"]
[EventCountry "GER"]
[SourceTitle "EXT 2022"]
[Source "ChessBase"]
[SourceDate "2021.10.06"]
[SourceVersion "1"]
[SourceVersionDate "2021.10.06"]
[SourceQuality "1"]

1. e4 Nc6 2. Nc3 e5 3. Nf3 a6 4. Bc4 Be7 5. a3 d6 6. h3 Nf6 7. d3 Nd4 8. Nd5 h6 9. c3 Ne6 10. Be3 b5 11. Nxf6+ Bxf6 12. Bd5 Bd7 13. Bxa8 Qxa8 14. Qc2 c5 15. c4 Qc8 16. Rc1 g5 17. b4 Nf4 18. Bxf4 gxf4 19. Ke2 Be6 20. cxb5 axb5 21. bxc5 d5 22. Qb2 dxe4 23. dxe4 Bc4+ 24. Ke1 Qxc5 25. Nd2 Qc6 26. a4 0-0 27. axb5 Qxb5 28. Nxc4 Qa6 29. Ke2 Bg7 30. Rhd1 1-0

[Event "Niedersachsen-ch Seniors op 11th"]
[Site "Bad Bevensen"]
[Date "2008.07.08"]
[Round "1"]
[White "Seibt, Friedebert"]
[Black "Stascheit, Eckhard"]
[Result "1-0"]
[WhiteElo "2066"]
[BlackElo "1704"]
[PlyCount "75"]
[EventDate "2008.07.08"]
[EventType "swiss"]
[EventRounds "9"]
[EventCountry "GER"]
[SourceTitle "EXT 2022"]
[Source "ChessBase"]
[SourceDate "2021.10.06"]
[SourceVersion "1"]
[SourceVersionDate "2021.10.06"]
[SourceQuality "1"]

1. d4 d5 2. Nf3 Bf5 3. e3 a6 4. c4 dxc4 5. Bxc4 b5 6. Bb3 e6 7. a4 Nc6 8. Nc3 Bb4 9. 0-0 Rb8 10. axb5 axb5 11. Qe2 Na5 12. Ba2 c6 13. e4 Bg4 14. Bf4 Rc8 15. Nxb5 Bxf3 16. gxf3 cxb5 17. Qxb5+ Nc6 18. d5 Qa5 19. Bc4 Qxb5 20. Bxb5 exd5 21. exd5 Nge7 22. dxc6 0-0 23. Ra4 Nd5 24. Bg3 Bc5 25. Rc4 Bb6 26. Rd1 Nc7 27. Ba4 Ne6 28. b4 g5 29. Bb3 Rfe8 30. Bc2 Bc7 31. Bf5 Re7 32. Rd7 Kf8 33. Bd6 Bxd6 34. Rxd6 Nf4 35. Rxf4 Rxc6 36. Rxc6 Re1+ 37. Kg2 gxf4 38. b5 1-0